Statistics for Countries in Jason Bourne

Click here to take the quiz!

General Stats

  • This quiz has been taken 37 times
    (19 since last reset)
  • The average score is 14 of 21

Answer Stats

Continent Country % Correct
Asia/ EuropeRussia
100%
EuropeFrance
100%
EuropeGermany
100%
North AmericaUnited States of America
94%
EuropeUnited Kingdom
94%
EuropeItaly
94%
EuropeSwitzerland
89%
EuropeSpain
83%
EuropeGreece
78%
AsiaIndia
78%
AfricaMorocco
67%
South AmericaColombia
61%
Europethe Netherlands
50%
AsiaSouth Korea
44%
EuropeHungary
44%
Asiathe Philippines
39%
EuropeCzech Republic
39%
AsiaPakistan
28%
EuropeNorway
28%
AfricaGhana
28%
AsiaTaiwan
22%

Score Distribution

Percentile by Number Answered

Percent of People with Each Score

Your Score History

You have not taken this quiz since the last reset